|
|
|
|
| LEADER |
00000cam a2200000 a 4500 |
| 001 |
023281 |
| 003 |
UAHC_CL |
| 005 |
20170803122227.0 |
| 008 |
041028b1998 pa 000 spa |
| 040 |
|
|
|a UAHC_CL
|c UAHC_CL
|d UAHC_CL
|
| 100 |
1 |
|
|a Smith Kantule, Jesús
|
| 245 |
1 |
0 |
|a Nele Kantule :
|b padre de la revolución Kuna /
|c Jesús Smith Kantule.
|
| 260 |
|
|
|b Portobelo
|a Panamá
|c 1998
|
| 300 |
|
|
|a 32 p.
|
| 650 |
|
4 |
|a KUNA
|x HISTORIA
|
| 651 |
|
4 |
|a PANAMA
|x HISTORIA
|
| 653 |
|
|
|a ANTROPOLOGIA
|
| 900 |
|
|
|a 972.87 SMI
|
| 942 |
|
|
|c BK
|
| 952 |
|
|
|0 0
|1 0
|4 0
|6 972_870000000000000_SMI
|7 0
|8 General
|9 46383
|a BC
|b BC
|c General
|d 2017-08-03
|l 0
|o 972.87 SMI
|p 1346680
|r 2026-01-13 00:00:00
|t 1
|w 2017-08-03
|y BK
|
| 999 |
|
|
|c 23281
|d 23281
|